[Event "NB II. Szechenyi csoport"]
[Site "Szombathely"]
[Date "2024.03.10"]
[Round "6.11"]
[White "Pohl, Brigitta"]
[Black "Pergel, Bence"]
[Result "1-0"]
[WhiteElo "1530"]
[BlackElo "1752"]
[PlyCount "98"]
[EventDate "2023.10.08"]
[EventType "team-tourn"]
[EventRounds "9"]
[EventCountry "HUN"]
[Source "chess.hu"]
[WhiteTeam "Ezust Huszar SE"]
[BlackTeam "Haladas VSE III."]
[WhiteTeamCountry "HUN"]
[BlackTeamCountry "HUN"]

1. e4 e5 2. Nf3 Nc6 3. Bc4 Nf6 4. d3 Bc5 5. Nc3 h6 6. O-O O-O 7. Nd5 d6 8.
Nxf6+ Qxf6 9. h3 Nd4 10. Ne1 Qg6 11. Kh2 a5 12. c3 Nc6 13. f4 Kh8 14. f5 Qf6
15. Qh5 d5 16. Bxd5 Be7 17. Nf3 Kg8 18. g4 Nd8 19. g5 hxg5 20. Nxg5 Qh6 21. Qg4
Qf6 22. Qh4 Qh6 23. Qxh6 gxh6 24. Nf3 c6 25. Bb3 a4 26. Bc2 Kh7 27. Nxe5 Bd6
28. d4 f6 29. Rf4 fxe5 30. Rh4 exd4+ 31. Kh1 Nf7 32. cxd4 Bg3 33. Rg4 Rg8 34.
Rxg8 Kxg8 35. Be3 Bc7 36. Rg1+ Kf8 37. Rg6 Bb6 38. Bd3 Ne5 39. Bxh6+ Ke8 40.
dxe5 Bd4 41. Rg8+ Kf7 42. Bc4+ Ke7 43. Rg7+ Kd8 44. Bg5+ Ke8 45. Rg8+ Kd7 46.
Be6+ Kc7 47. Bf4 Rb8 48. Bxc8 Rxc8 49. e6+ Kb6 1-0

[Event "NB II. Szechenyi csoport"]
[Site "Sarvar"]
[Date "2024.03.10"]
[Round "6.1"]
[White "Boronyak, Arpad"]
[Black "Odor, Istvan"]
[Result "1/2-1/2"]
[WhiteElo "2060"]
[BlackElo "2099"]
[PlyCount "40"]
[EventDate "2023.10.08"]
[EventType "team-tourn"]
[EventRounds "9"]
[EventCountry "HUN"]
[Source "chess.hu"]
[WhiteTeam "Z. Baki Agrocentrum"]
[BlackTeam "Sarvari Sakk Club SE"]
[WhiteTeamCountry "HUN"]
[BlackTeamCountry "HUN"]

1. e4 e5 2. Bc4 Nc6 3. c3 Nf6 4. d3 Bc5 5. Nf3 d6 6. O-O h6 7. Nbd2 a6 8. Bb3
O-O 9. Nc4 Ba7 10. Ne3 Ne7 11. Re1 Ng4 12. d4 Nxe3 13. Bxe3 Ng6 14. h3 Qf6 15.
Nh2 Qh4 16. Qf3 Kh8 17. Qg3 Qxg3 18. fxg3 Be6 19. Bxe6 fxe6 20. Nf3 exd4
1/2-1/2

[Event "NB II. Szechenyi csoport"]
[Site "Sarvar"]
[Date "2024.03.10"]
[Round "6.2"]
[White "Balka, Richard"]
[Black "Bardossi, Jeno"]
[Result "0-1"]
[WhiteElo "2082"]
[BlackElo "2044"]
[PlyCount "78"]
[EventDate "2023.10.08"]
[EventType "team-tourn"]
[EventRounds "9"]
[EventCountry "HUN"]
[Source "chess.hu"]
[WhiteTeam "Sarvari Sakk Club SE"]
[BlackTeam "Z. Baki Agrocentrum"]
[WhiteTeamCountry "HUN"]
[BlackTeamCountry "HUN"]

1. e4 c5 2. Nf3 e6 3. d4 cxd4 4. Nxd4 Nc6 5. Nc3 Qc7 6. a3 a6 7. Be2 b5 8. Nxc6
Qxc6 9. Be3 Bb7 10. Qd4 Be7 11. O-O-O Rc8 12. Rd2 d6 13. f4 Nf6 14. Bf3 Qc7 15.
Bf2 Nd7 16. Re1 O-O 17. g4 Rfd8 18. g5 e5 19. Qe3 exf4 20. Qxf4 Ne5 21. Nd5
Bxd5 22. exd5 Nxf3 23. Rxe7 Qxe7 24. Qxf3 Qxg5 25. Be3 Qe5 26. Bd4 Qe1+ 27. Rd1
Qh4 28. Qg2 Qh6+ 29. Kb1 Rc4 30. Bc3 Qg6 31. Qf2 Rg4 32. Qb6 Re8 33. Qxa6 Rg1
34. Rxg1 Qxg1+ 35. Ka2 Qc5 36. Qb7 h6 37. h4 Rc8 38. Qd7 Qxd5+ 39. Kb1 Rc4 0-1

[Event "NB II. Szechenyi csoport"]
[Site "Sarvar"]
[Date "2024.03.10"]
[Round "6.3"]
[White "Kirchner, Peter"]
[Black "Zsiros, Gyorgy"]
[Result "0-1"]
[WhiteElo "1992"]
[BlackElo "1965"]
[PlyCount "74"]
[EventDate "2023.10.08"]
[EventType "team-tourn"]
[EventRounds "9"]
[EventCountry "HUN"]
[Source "chess.hu"]
[WhiteTeam "Z. Baki Agrocentrum"]
[BlackTeam "Sarvari Sakk Club SE"]
[WhiteTeamCountry "HUN"]
[BlackTeamCountry "HUN"]

1. Nc3 e5 2. e4 Bc5 3. Bc4 Nf6 4. Nf3 d6 5. d3 Bg4 6. h3 Bh5 7. g4 Bg6 8. Bg5
c6 9. Nh4 Nbd7 10. Nxg6 fxg6 11. Be3 Rf8 12. Qd2 b5 13. Bb3 a5 14. a4 b4 15.
Ne2 Qb6 16. Be6 Ke7 17. Bxd7 Kxd7 18. Bxc5 Qxc5 19. O-O Rf7 20. Kg2 Raf8 21. f3
h6 22. c3 Nh7 23. cxb4 axb4 24. Rac1 Qa5 25. b3 Ng5 26. Ng1 Ne6 27. Rf2 Nd4 28.
Qb2 Qd8 29. Rcf1 h5 30. Ne2 hxg4 31. hxg4 Rh8 32. Ng1 Qh4 33. Re1 Nxf3 34. Kf1
Nh2+ 35. Kg2 Qxg4+ 36. Kh1 Rxf2 37. Qxf2 Nf3+ 0-1

[Event "NB II. Szechenyi csoport"]
[Site "Sarvar"]
[Date "2024.03.10"]
[Round "6.4"]
[White "Szokolszky, Miklos"]
[Black "Vas, Istvan"]
[Result "1-0"]
[WhiteElo "1921"]
[BlackElo "1975"]
[PlyCount "91"]
[EventDate "2023.10.08"]
[EventType "team-tourn"]
[EventRounds "9"]
[EventCountry "HUN"]
[Source "chess.hu"]
[WhiteTeam "Sarvari Sakk Club SE"]
[BlackTeam "Z. Baki Agrocentrum"]
[WhiteTeamCountry "HUN"]
[BlackTeamCountry "HUN"]

1. e4 e6 2. d4 d5 3. exd5 exd5 4. Nf3 Bd6 5. Bd3 h6 6. O-O Ne7 7. Re1 Be6 8.
Ne5 Bxe5 9. dxe5 a6 10. f4 c5 11. c3 Nbc6 12. Qf3 g6 13. Nd2 Qb6 14. Kh1 O-O-O
15. Qf2 h5 16. b4 d4 17. bxc5 Qxc5 18. Ne4 Qa7 19. Nd6+ Kb8 20. Rb1 Rd7 21.
cxd4 Nc8 22. Be3 Bd5 23. Bc4 N6e7 24. Nxf7 Re8 25. Rec1 Nf5 26. Bxd5 Rxd5 27.
Rc5 Rd7 28. Ng5 Ncd6 29. d5 Nxe3 30. Qxe3 Nf5 31. Qc3 Red8 32. d6 b6 33. Ne6
Rg8 34. Rc7 Rxc7 35. Qxc7+ Qxc7 36. Nxc7 Kb7 37. Nd5 b5 38. Rc1 h4 39. Rc7+ Kb8
40. Ne7 Nxe7 41. Rxe7 Rc8 42. h3 Rc1+ 43. Kh2 Rd1 44. d7 Kc7 45. e6 b4 46. Re8
1-0

[Event "NB II. Szechenyi csoport"]
[Site "Sarvar"]
[Date "2024.03.10"]
[Round "6.6"]
[White "Gal, Cintia"]
[Black "Korcz, Sandor"]
[Result "0-1"]
[WhiteElo "1811"]
[BlackElo "1912"]
[PlyCount "78"]
[EventDate "2023.10.08"]
[EventType "team-tourn"]
[EventRounds "9"]
[EventCountry "HUN"]
[Source "chess.hu"]
[WhiteTeam "Sarvari Sakk Club SE"]
[BlackTeam "Z. Baki Agrocentrum"]
[WhiteTeamCountry "HUN"]
[BlackTeamCountry "HUN"]

1. e4 e6 2. d4 d5 3. e5 c5 4. c3 Nc6 5. Nf3 Bd7 6. g3 Qb6 7. Bg2 h6 8. O-O cxd4
9. cxd4 Nge7 10. b3 Nf5 11. Be3 Rc8 12. Bh3 Nxe3 13. fxe3 Nb4 14. Ne1 Be7 15.
a3 Na6 16. Nd2 Bg5 17. Ng2 Bb5 18. Rf2 Rc3 19. Qf3 O-O 20. Nf4 Bxf4 21. Qxf4
Bd3 22. b4 Nc7 23. Qg4 Bf5 24. Qh4 Bxh3 25. Qxh3 Rxe3 26. Qg4 Nb5 27. Nf3 Re4
28. Qh5 Nxd4 29. Kg2 Nf5 30. Rc1 Ne3+ 31. Kh1 Ng4 32. Rfc2 g6 33. Qh4 Nf2+ 34.
Kg2 Rxh4 35. Nxh4 Ng4 36. Re2 d4 37. Nf3 Rd8 38. Rd2 d3 39. Rc3 Qe3 0-1

[Event "NB II. Szechenyi csoport"]
[Site "Sarvar"]
[Date "2024.03.10"]
[Round "6.7"]
[White "Nagy, Benedek"]
[Black "Piri, Tamas"]
[Result "1/2-1/2"]
[WhiteElo "1856"]
[BlackElo "1774"]
[PlyCount "85"]
[EventDate "2023.10.08"]
[EventType "team-tourn"]
[EventRounds "9"]
[EventCountry "HUN"]
[Source "chess.hu"]
[WhiteTeam "Z. Baki Agrocentrum"]
[BlackTeam "Sarvari Sakk Club SE"]
[WhiteTeamCountry "HUN"]
[BlackTeamCountry "HUN"]

1. e4 c5 2. Nf3 Nc6 3. c3 e5 4. Bb5 d6 5. d3 Bd7 6. O-O Be7 7. Nbd2 a6 8. Ba4
Nf6 9. Re1 O-O 10. Nf1 h6 11. Ng3 Nh7 12. Bb3 Be6 13. Bd2 b5 14. Nf5 c4 15.
dxc4 bxc4 16. Ba4 Rc8 17. Qc1 Bxf5 18. exf5 Ng5 19. Nxg5 Bxg5 20. Bxg5 Qxg5 21.
Qxg5 hxg5 22. Rad1 Rfd8 23. Rd2 Kf8 24. f3 f6 25. Red1 Ke7 26. Rd5 Rc7 27. R1d2
Nb8 28. Kf2 Rb7 29. b3 cxb3 30. axb3 Rb6 31. c4 Nd7 32. Bxd7 Rxd7 33. c5 Rxb3
34. c6 Rd8 35. c7 Rc8 36. Rxd6 Rxc7 37. Re6+ Kf7 38. Rxa6 Rb8 39. Rad6 Re7 40.
g4 e4 41. fxe4 Rxe4 42. h3 Rb3 43. Rd7+ 1/2-1/2

[Event "NB II. Szechenyi csoport"]
[Site "Sarvar"]
[Date "2024.03.10"]
[Round "6.8"]
[White "Talaber, Istvan"]
[Black "Cseke, Mihaly"]
[Result "1-0"]
[WhiteElo "1809"]
[BlackElo "1875"]
[PlyCount "79"]
[EventDate "2023.10.08"]
[EventType "team-tourn"]
[EventRounds "9"]
[EventCountry "HUN"]
[Source "chess.hu"]
[WhiteTeam "Sarvari Sakk Club SE"]
[BlackTeam "Z. Baki Agrocentrum"]
[WhiteTeamCountry "HUN"]
[BlackTeamCountry "HUN"]

1. e4 c5 2. Nf3 d6 3. b3 Nf6 4. e5 dxe5 5. Nxe5 Qd4 6. Bb5+ Nbd7 7. Nc4 Ng4 8.
O-O a6 9. Bxd7+ Bxd7 10. h3 h5 11. Bb2 Qf4 12. g3 Qh6 13. d4 b5 14. Ne5 Nxe5
15. dxe5 Bxh3 16. Re1 Qc6 17. f3 Rh6 18. Nc3 Rg6 19. Ne4 f5 20. exf6 Rd8 21.
f7+ Kxf7 22. Qxd8 h4 23. Rad1 Be6 24. Be5 hxg3 25. Bxg3 Kg8 26. Kf2 c4 27. b4
Bf7 28. Rh1 c3 29. Rh4 Rh6 30. Rdh1 Bxa2 31. Rxh6 gxh6 32. Bf4 Kf7 33. Qd3 Bg7
34. Be3 Bc4 35. Qd8 Bd5 36. Bc5 Qe6 37. Re1 Be5 38. Rg1 Bg7 39. Rg4 h5 40. Ng5+
1-0

[Event "NB II. Szechenyi csoport"]
[Site "Sarvar"]
[Date "2024.03.10"]
[Round "6.9"]
[White "Csiszar, Albert"]
[Black "Havasi, Jozsef"]
[Result "1-0"]
[WhiteElo "1826"]
[BlackElo "1776"]
[PlyCount "79"]
[EventDate "2023.10.08"]
[EventType "team-tourn"]
[EventRounds "9"]
[EventCountry "HUN"]
[Source "chess.hu"]
[WhiteTeam "Z. Baki Agrocentrum"]
[BlackTeam "Sarvari Sakk Club SE"]
[WhiteTeamCountry "HUN"]
[BlackTeamCountry "HUN"]

1. d4 g6 2. Bg5 Bg7 3. e3 c6 4. Nd2 d6 5. Bd3 f6 6. Bh4 Nh6 7. f4 Bg4 8. Ngf3
O-O 9. c3 Nd7 10. O-O Re8 11. Qb3+ Kh8 12. Qxb7 Bxf3 13. Nxf3 Qc8 14. Qb3 Rb8
15. Qc2 Qb7 16. b3 Nf8 17. Rad1 Qc7 18. e4 Ne6 19. Nd2 Ng4 20. Rf3 g5 21. Rg3
h5 22. Rxg4 hxg4 23. fxg5 fxg5 24. Bg3 Nf8 25. e5 dxe5 26. Nc4 Nd7 27. Bf5 e6
28. Bxg4 Re7 29. Qg6 Rbe8 30. Qxg5 c5 31. Bh5 Bf6 32. Bxe5 Bxe5 33. Nxe5 Rg7
34. Qh6+ Rh7 35. Nf7+ Kg8 36. Qg6+ Rg7 37. Nh6+ Kh8 38. Qxe8+ Kh7 39. Nf7 Rg8
40. Qxe6 1-0

[Event "NB II. Szechenyi csoport"]
[Site "Sarvar"]
[Date "2024.03.10"]
[Round "6.10"]
[White "Kovacs, Barnabas"]
[Black "Deak, Laszlo"]
[Result "1/2-1/2"]
[WhiteElo "1756"]
[BlackElo "1810"]
[PlyCount "87"]
[EventDate "2023.10.08"]
[EventType "team-tourn"]
[EventRounds "9"]
[EventCountry "HUN"]
[Source "chess.hu"]
[WhiteTeam "Sarvari Sakk Club SE"]
[BlackTeam "Z. Baki Agrocentrum"]
[WhiteTeamCountry "HUN"]
[BlackTeamCountry "HUN"]

1. c4 e5 2. Nc3 Nf6 3. d3 Nc6 4. Nf3 Bb4 5. Bd2 O-O 6. a3 Bxc3 7. Bxc3 e4 8.
dxe4 Nxe4 9. Qc2 Qe7 10. e3 Nxc3 11. Qxc3 d6 12. Be2 Re8 13. O-O Bg4 14. h3 Bh5
15. Rfe1 Bg6 16. Rad1 Ne5 17. Nxe5 Qxe5 18. Qb3 Rab8 19. Rd5 Qf6 20. Bf3 Bf5
21. Rd4 Qxd4 22. exd4 Rxe1+ 23. Kh2 b6 24. c5 dxc5 25. dxc5 Rbe8 26. cxb6 cxb6
27. Qa4 R1e7 28. Qb4 Be4 29. Bxe4 Rxe4 30. Qb5 h6 31. b4 g6 32. Qd7 Kf8 33.
Qxa7 R4e6 34. Qc7 Ra8 35. Qc3 Kg8 36. Qf3 Ra4 37. Qb3 b5 38. Qd3 Rea6 39. Qxb5
Rxa3 40. Qe8+ Kg7 41. b5 Re6 42. Qd7 Rb3 43. Qd4+ Kg8 44. Qd8+ 1/2-1/2

[Event "NB II. Szechenyi csoport"]
[Site "Sarvar"]
[Date "2024.03.10"]
[Round "6.11"]
[White "Bedi, Bence"]
[Black "Andras, Ferenc"]
[Result "1-0"]
[WhiteElo "1668"]
[BlackElo "1593"]
[PlyCount "113"]
[EventDate "2023.10.08"]
[EventType "team-tourn"]
[EventRounds "9"]
[EventCountry "HUN"]
[Source "chess.hu"]
[WhiteTeam "Z. Baki Agrocentrum"]
[BlackTeam "Sarvari Sakk Club SE"]
[WhiteTeamCountry "HUN"]
[BlackTeamCountry "HUN"]

1. d4 f5 2. c4 Nf6 3. Nc3 g6 4. Nf3 Bg7 5. g3 d6 6. Bg2 O-O 7. O-O Qe8 8. Nb5
Na6 9. Qb3 Kh8 10. Rd1 c6 11. Nc3 e5 12. e3 Qe7 13. Bd2 Nc7 14. Ne2 e4 15. Ne1
d5 16. Bb4 Qe6 17. Bxf8 Bxf8 18. Nf4 Qf7 19. Bf1 Bd6 20. Nfg2 Ne6 21. cxd5 Nxd5
22. Rac1 Ng5 23. Nh4 Be6 24. Qc2 Rd8 25. a3 Nf6 26. Bc4 Ng4 27. Bxe6 Qxe6 28.
Kg2 Be7 29. h3 Nf6 30. Qc4 Nd5 31. Kh2 Nf7 32. Nhg2 Ng5 33. Nf4 Qd6 34. Nxd5
cxd5 35. Qc7 Rb8 36. Qxd6 Bxd6 37. Rc2 Rd8 38. Rdc1 Rd7 39. Kg2 Kg7 40. Rc8 Kf6
41. Nc2 Ne6 42. Ne1 Kg7 43. f3 Ng5 44. f4 Ne6 45. Nc2 h5 46. Nb4 Bxb4 47. axb4
Kf7 48. b5 Kg7 49. Ra8 Nc7 50. Rxa7 Nxb5 51. Ra5 Nc7 52. Rc3 Na6 53. Rb3 Kf8
54. Rab5 Rc7 55. Rxb7 Rc2+ 56. Kf1 Rh2 57. Ra3 1-0

[Event "NB II. Szechenyi csoport"]
[Site "Sarvar"]
[Date "2024.03.10"]
[Round "6.12"]
[White "Papp, Csongor"]
[Black "Mazsa, Csaba Adam"]
[Result "1/2-1/2"]
[WhiteElo "1638"]
[BlackElo "1583"]
[PlyCount "104"]
[EventDate "2023.10.08"]
[EventType "team-tourn"]
[EventRounds "9"]
[EventCountry "HUN"]
[Source "chess.hu"]
[WhiteTeam "Sarvari Sakk Club SE"]
[BlackTeam "Z. Baki Agrocentrum"]
[WhiteTeamCountry "HUN"]
[BlackTeamCountry "HUN"]

1. e4 c5 2. Nf3 Nc6 3. d4 cxd4 4. Nxd4 Nf6 5. Nc3 e5 6. Ndb5 d6 7. Nd5 Nxd5 8.
exd5 Ne7 9. c4 b6 10. Qa4 Kd7 11. Nxa7+ Kc7 12. Nb5+ Kb8 13. Qb4 Nf5 14. Be3
Nxe3 15. fxe3 Qh4+ 16. Kd2 Qd8 17. Be2 g6 18. a4 Bb7 19. Ra2 Be7 20. Rha1 Kc8
21. a5 bxa5 22. Rxa5 Rxa5 23. Rxa5 Qb6 24. Qa4 Rd8 25. Na7+ Kc7 26. Rb5 Qa6 27.
Qxa6 Bxa6 28. Ra5 Bb7 29. e4 Bg5+ 30. Kd3 Kb6 31. b4 Ba6 32. Nc6 Rc8 33. Kc3
Bb7 34. c5+ dxc5 35. Rb5+ Kc7 36. Rxc5 Be3 37. Rc4 Ba6 38. Bg4 Re8 39. b5 Bxb5
40. Rb4 Bxc6 41. Rc4 Rd8 42. dxc6 Bd4+ 43. Kc2 Rb8 44. h3 h5 45. Bd7 Rb2+ 46.
Kd3 Rxg2 47. Ra4 Rg3+ 48. Kc4 Rc3+ 49. Kb4 Rf3 50. Ra8 Rc3 51. Rc8+ Kd6 52. Kb5
Rb3+ 1/2-1/2

[Event "NB II. Szechenyi csoport"]
[Site "Tapolca"]
[Date "2024.03.10"]
[Round "6.1"]
[White "Pinterne, Kovacs Marta"]
[Black "Presznyak, Istvan"]
[Result "1-0"]
[WhiteElo "2064"]
[BlackElo "1989"]
[PlyCount "79"]
[EventDate "2023.10.08"]
[EventType "team-tourn"]
[EventRounds "9"]
[EventCountry "HUN"]
[Source "chess.hu"]
[WhiteTeam "Spartacus Sportkor"]
[BlackTeam "Tapolca Varosi SE II"]
[WhiteTeamCountry "HUN"]
[BlackTeamCountry "HUN"]

1. d4 d5 2. Bg5 Nf6 3. Bxf6 exf6 4. e3 Bf5 5. Bd3 Bxd3 6. Qxd3 g6 7. Qb5+ Nc6
8. Qxb7 Na5 9. Qb5+ c6 10. Qd3 Qb6 11. b3 Nc4 12. Nd2 Na3 13. Ne2 Be7 14. O-O
O-O 15. c4 Rfd8 16. Rfc1 c5 17. cxd5 cxd4 18. Nxd4 Rxd5 19. Qe4 Qb7 20. Nc6 Rd7
21. Nxe7+ Rxe7 22. Qa4 Nb5 23. Rc5 Nd6 24. Qd4 Re6 25. Rac1 Nf5 26. Qc4 Nd6 27.
Qc2 Rd8 28. Rc7 Qb8 29. Nf3 Nb5 30. Rc5 Qb7 31. a4 Nd6 32. Nd4 Ree8 33. Rc7 Qb6
34. h3 h5 35. Qc5 Rb8 36. a5 Qxc5 37. R1xc5 Nf5 38. Nxf5 gxf5 39. Rxf5 Rxb3 40.
Rxf6 1-0

[Event "NB II. Szechenyi csoport"]
[Site "Tapolca"]
[Date "2024.03.10"]
[Round "6.3"]
[White "Rozsa, Peter"]
[Black "Domonkos, Tamas"]
[Result "1/2-1/2"]
[WhiteElo "2050"]
[BlackElo "1932"]
[PlyCount "63"]
[EventDate "2023.10.08"]
[EventType "team-tourn"]
[EventRounds "9"]
[EventCountry "HUN"]
[Source "chess.hu"]
[WhiteTeam "Spartacus Sportkor"]
[BlackTeam "Tapolca Varosi SE II"]
[WhiteTeamCountry "HUN"]
[BlackTeamCountry "HUN"]

1. b3 e5 2. Bb2 d6 3. e3 Nf6 4. c4 Be7 5. Nf3 O-O 6. d4 e4 7. Nfd2 c6 8. Nc3 d5
9. Be2 Be6 10. Qc2 Nbd7 11. O-O Rc8 12. c5 Qc7 13. f3 exf3 14. gxf3 Bh3 15. Rf2
Rfe8 16. Bf1 Bxf1 17. Nxf1 Nf8 18. b4 Qd7 19. Ne2 Ng6 20. Neg3 Qh3 21. Qf5 Qh6
22. Kh1 Rcd8 23. Re1 Nh4 24. Qh3 Qg6 25. Bc1 Kh8 26. Ne2 Nh5 27. Nfg3 Nxg3+ 28.
hxg3 Nf5 29. g4 Nh4 30. Nf4 Qf6 31. Rg1 g5 32. Nh5 1/2-1/2

[Event "NB II. Szechenyi csoport"]
[Site "Tapolca"]
[Date "2024.03.10"]
[Round "6.4"]
[White "Horvath, Lajos"]
[Black "Nemeth, Zsolt"]
[Result "0-1"]
[WhiteElo "1788"]
[BlackElo "1966"]
[PlyCount "90"]
[EventDate "2023.10.08"]
[EventType "team-tourn"]
[EventRounds "9"]
[EventCountry "HUN"]
[Source "chess.hu"]
[WhiteTeam "Tapolca Varosi SE II"]
[BlackTeam "Spartacus Sportkor"]
[WhiteTeamCountry "HUN"]
[BlackTeamCountry "HUN"]

1. e4 e5 2. f4 exf4 3. Nf3 d5 4. exd5 Nf6 5. Be2 Nxd5 6. c4 Nb4 7. d4 Bf5 8.
Na3 g5 9. O-O Be7 10. Bd2 a5 11. Bc3 Nd7 12. Qd2 O-O 13. Rae1 h6 14. b3 Nf6 15.
Ba1 Nbd5 16. Bd3 Bb4 17. Qc2 Bxd3 18. Qxd3 Bxa3 19. cxd5 Nxd5 20. Re5 c6 21.
Rfe1 Bd6 22. Qf5 Qc8 23. Re6 Ne7 24. Qh3 fxe6 25. Rxe6 Nf5 26. Rxd6 Nxd6 27.
Qxh6 Qf5 28. Qxd6 Rad8 29. Qh6 Rf6 30. Qxg5+ Qxg5 31. Nxg5 Rf5 32. Nf3 c5 33.
Kf2 Rfd5 34. dxc5 Rxc5 35. Be5 Rc2+ 36. Ke1 Rxa2 37. Bxf4 Rxg2 38. Nd2 Re8+ 39.
Kd1 Ree2 40. h4 b5 41. Kc2 a4 42. bxa4 bxa4 43. Kc3 a3 44. Nb3 a2 45. Bc1 Rc2+
0-1

[Event "NB II. Szechenyi csoport"]
[Site "Tapolca"]
[Date "2024.03.10"]
[Round "6.5"]
[White "Szakaly, Laszlo"]
[Black "Kiss, Gergely"]
[Result "1/2-1/2"]
[WhiteElo "1920"]
[BlackElo "1815"]
[PlyCount "42"]
[EventDate "2023.10.08"]
[EventType "team-tourn"]
[EventRounds "9"]
[EventCountry "HUN"]
[Source "chess.hu"]
[WhiteTeam "Spartacus Sportkor"]
[BlackTeam "Tapolca Varosi SE II"]
[WhiteTeamCountry "HUN"]
[BlackTeamCountry "HUN"]

1. d4 d5 2. Nc3 Nf6 3. Bf4 c6 4. e3 Bg4 5. f3 Bh5 6. g4 Bg6 7. h4 h6 8. Nge2 e6
9. Qd2 Bd6 10. O-O-O Qc7 11. Bxd6 Qxd6 12. Nf4 Bh7 13. g5 Ng8 14. e4 Nd7 15.
Rg1 Ne7 16. Nh5 Rg8 17. gxh6 gxh6 18. Rxg8+ Nxg8 19. exd5 exd5 20. Re1+ Kf8 21.
Bd3 Bxd3 1/2-1/2

[Event "NB II. Szechenyi csoport"]
[Site "Tapolca"]
[Date "2024.03.10"]
[Round "6.9"]
[White "Vajda, Lajos"]
[Black "Koran, Katalin Anna"]
[Result "1-0"]
[WhiteElo "1837"]
[BlackElo "1554"]
[PlyCount "97"]
[EventDate "2023.10.08"]
[EventType "team-tourn"]
[EventRounds "9"]
[EventCountry "HUN"]
[Source "chess.hu"]
[WhiteTeam "Spartacus Sportkor"]
[BlackTeam "Tapolca Varosi SE II"]
[WhiteTeamCountry "HUN"]
[BlackTeamCountry "HUN"]

1. c4 e6 2. Nc3 Nf6 3. g3 d5 4. cxd5 Nxd5 5. Bg2 c6 6. Nf3 Be7 7. O-O O-O 8. e4
Nf6 9. d4 b6 10. e5 Nd5 11. Nxd5 cxd5 12. a3 a5 13. Be3 Ba6 14. Re1 Nd7 15. Qd2
Re8 16. Rac1 Rc8 17. Rxc8 Qxc8 18. Rc1 Qd8 19. Bg5 f6 20. exf6 Bxf6 21. Bxf6
Nxf6 22. Ne5 Bb5 23. Qc2 Nd7 24. Nxd7 Qxd7 25. Qc7 Qxc7 26. Rxc7 Bc4 27. f4 b5
28. Kf2 Kf8 29. Bh3 Re7 30. Rc8+ Kf7 31. Ke3 h6 32. Rc6 g5 33. Bg4 a4 34. h4
gxh4 35. gxh4 Bb3 36. Kd3 Bc4+ 37. Kc3 Bb3 38. Kb4 Bc4 39. Kc5 Bd3 40. Kd6 Kf6
41. Rc8 Bg6 42. h5 Be8 43. Rc7 Rxc7 44. Kxc7 Ke7 45. Kb6 Kd6 46. Ka5 Ke7 47.
Kb4 Kd6 48. Be2 Kc7 49. Kc5 1-0

[Event "NB II. Szechenyi csoport"]
[Site "Tapolca"]
[Date "2024.03.10"]
[Round "6.10"]
[White "Lukacs, Levente"]
[Black "Jakab, Aron"]
[Result "1-0"]
[WhiteElo "1507"]
[BlackElo "1732"]
[PlyCount "99"]
[EventDate "2023.10.08"]
[EventType "team-tourn"]
[EventRounds "9"]
[EventCountry "HUN"]
[Source "chess.hu"]
[WhiteTeam "Tapolca Varosi SE II"]
[BlackTeam "Spartacus Sportkor"]
[WhiteTeamCountry "HUN"]
[BlackTeamCountry "HUN"]

1. d4 Nf6 2. Nf3 g6 3. g3 Bg7 4. b3 O-O 5. Bb2 d5 6. Bg2 Nc6 7. e3 b6 8. Nbd2
Ba6 9. a3 Nd7 10. c4 e6 11. Rc1 Ne7 12. O-O c5 13. Re1 Rc8 14. Rc2 Re8 15. Qa1
cxd4 16. Bxd4 Bxd4 17. exd4 dxc4 18. bxc4 Nf5 19. Rec1 Qe7 20. g4 Nh4 21. Nxh4
Qxh4 22. h3 f5 23. Nf3 Qf6 24. g5 Qg7 25. Qa2 Qe7 26. Re1 Kf8 27. Bf1 Bb7 28.
Bg2 Bxf3 29. Bxf3 Qxg5+ 30. Bg2 Qf4 31. Qb2 Kf7 32. d5 e5 33. d6 e4 34. Qd4 Qe5
35. Qd2 Rc6 36. Rd1 Re6 37. Qh6 Kg8 38. Qg5 Qf6 39. Qxf6 Rxf6 40. Rcd2 Kf7 41.
f4 Re6 42. Rd4 h6 43. h4 Kf6 44. Bh3 Rc8 45. Rd5 Rxc4 46. h5 Rc5 47. hxg6 Rc3
48. Bxf5 Rg3+ 49. Kh2 Rxg6 50. Bxe6 1-0

[Event "NB II. Szechenyi csoport"]
[Site "Tapolca"]
[Date "2024.03.10"]
[Round "6.11"]
[White "Janzso, Levente"]
[Black "Torok, Gergo"]
[Result "0-1"]
[WhiteElo "1617"]
[BlackElo "1465"]
[PlyCount "100"]
[EventDate "2023.10.08"]
[EventType "team-tourn"]
[EventRounds "9"]
[EventCountry "HUN"]
[Source "chess.hu"]
[WhiteTeam "Spartacus Sportkor"]
[BlackTeam "Tapolca Varosi SE II"]
[WhiteTeamCountry "HUN"]
[BlackTeamCountry "HUN"]

1. e4 c5 2. Nf3 e6 3. d4 cxd4 4. Nxd4 a6 5. Nc3 Qc7 6. a3 Nc6 7. Bc4 b5 8. Ba2
Nxd4 9. Qxd4 Qc5 10. Be3 Qxd4 11. Bxd4 Bb7 12. O-O Nf6 13. e5 Ne4 14. Rfe1 Nxc3
15. Bxc3 d6 16. Bb4 dxe5 17. Bxf8 Rxf8 18. Rxe5 Rc8 19. c3 Ke7 20. Rd1 Rfd8 21.
Bb3 Rxd1+ 22. Bxd1 Bd5 23. Bc2 g6 24. f4 a5 25. Re3 b4 26. axb4 axb4 27. Ba4
bxc3 28. Rxc3 Ra8 29. b3 Kf6 30. g4 h6 31. h3 g5 32. fxg5+ hxg5 33. Kf2 Kg6 34.
Kg3 f5 35. Bc6 Bxc6 36. Rxc6 Kf6 37. h4 gxh4+ 38. Kxh4 f4 39. g5+ Kf5 40. Rc5+
e5 41. Rc6 f3 42. Kg3 e4 43. Rc5+ Ke6 44. g6 Rg8 45. Rg5 Kf6 46. Rg4 Rxg6 47.
Rxg6+ Kxg6 48. b4 Kf6 49. b5 Ke6 50. b6 Kd6 0-1

[Event "NB II. Szechenyi csoport"]
[Site "Szombathely"]
[Date "2024.03.10"]
[Round "6.1"]
[White "Sarok, Peter"]
[Black "Kiss, Balint"]
[Result "1/2-1/2"]
[WhiteElo "2023"]
[BlackElo "2222"]
[PlyCount "138"]
[EventDate "2023.10.08"]
[EventType "team-tourn"]
[EventRounds "9"]
[EventCountry "HUN"]
[Source "chess.hu"]
[WhiteTeam "Sakkbaratok Kisber-Aszar I."]
[BlackTeam "Arboretum Hereny SE"]
[WhiteTeamCountry "HUN"]
[BlackTeamCountry "HUN"]

1. c4 c6 2. d4 d5 3. Nc3 Nf6 4. e3 e6 5. Nf3 Nbd7 6. Bd3 dxc4 7. Bxc4 b5 8. Bd3
Bb7 9. e4 b4 10. Na4 c5 11. e5 Nd5 12. Nxc5 Nxc5 13. dxc5 Bxc5 14. Bb5+ Ke7 15.
Bg5+ f6 16. Bh4 Qb6 17. Bc4 Kf7 18. exf6 gxf6 19. O-O Rhg8 20. Bg3 Kg7 21. Nh4
Kh8 22. Qe2 Rae8 23. Rae1 Qc6 24. Bb5 Qc8 25. Bxe8 Rxe8 26. Rc1 Ba6 27. Qh5
Bxf1 28. Rxc5 Be2 29. Qf7 Qxc5 30. Qxe8+ Kg7 31. h3 Qe7 32. Qc6 Qf7 33. Bd6 a6
34. Qc8 Bb5 35. Nf3 Qe8 36. Qc5 Qc6 37. Nd4 Qd7 38. Nc2 Bd3 39. Nd4 Bb5 40.
Bf8+ Kf7 41. Bh6 Kg6 42. Bd2 e5 43. Nf3 b3 44. axb3 Kg7 45. Qc2 Ne7 46. Bb4 Ng6
47. Bd2 Bc6 48. Ne1 Qb7 49. Qd3 Be4 50. Qe3 Kg8 51. b4 Qd5 52. Qc3 Qb7 53. f3
Bf5 54. Be3 Kf7 55. Qc5 Ne7 56. Qc4+ Nd5 57. Bc5 Ke6 58. g4 Bg6 59. Ng2 Qb5 60.
Ne3 Qxc4 61. Nxc4 Nf4 62. h4 Nd3 63. h5 Be8 64. Nd6 Bc6 65. Kg2 Ne1+ 66. Kg3
Nxf3 67. b5 axb5 68. Nxb5 Nd2 69. Nc3 Ne4+ 1/2-1/2